<?xml version="1.0" encoding="UTF-8"?><?xml-stylesheet type="text/xsl" href="static/style.xsl"?><OAI-PMH xmlns="http://www.openarchives.org/OAI/2.0/" xmlns:xsi="http://www.w3.org/2001/XMLSchema-instance" xsi:schemaLocation="http://www.openarchives.org/OAI/2.0/ http://www.openarchives.org/OAI/2.0/OAI-PMH.xsd"><responseDate>2026-04-13T00:03:50Z</responseDate><request verb="GetRecord" identifier="oai:www.recercat.cat:2117/80269" metadataPrefix="marc">https://recercat.cat/oai/request</request><GetRecord><record><header><identifier>oai:recercat.cat:2117/80269</identifier><datestamp>2025-07-23T04:58:25Z</datestamp><setSpec>com_2072_1033</setSpec><setSpec>col_2072_452951</setSpec></header><metadata><record xmlns="http://www.loc.gov/MARC21/slim" xmlns:dcterms="http://purl.org/dc/terms/" xmlns:xsi="http://www.w3.org/2001/XMLSchema-instance" xmlns:doc="http://www.lyncode.com/xoai" xsi:schemaLocation="http://www.loc.gov/MARC21/slim http://www.loc.gov/standards/marcxml/schema/MARC21slim.xsd">
   <leader>00925njm 22002777a 4500</leader>
   <datafield ind2=" " ind1=" " tag="042">
      <subfield code="a">dc</subfield>
   </datafield>
   <datafield ind2=" " ind1=" " tag="720">
      <subfield code="a">Camacho Clavijo, Margarita</subfield>
      <subfield code="e">author</subfield>
   </datafield>
   <datafield ind2=" " ind1=" " tag="260">
      <subfield code="c">2015-10</subfield>
   </datafield>
   <datafield ind2=" " ind1=" " tag="520">
      <subfield code="a">This thesis presents a method for classifying the images acquired by a humanoid robot. The blurred images are detected and eliminated. The clear images are used to create a 3D model of the object shown in the images.</subfield>
   </datafield>
   <datafield ind2=" " ind1=" " tag="520">
      <subfield code="a">The 3D shape reconstruction from a humanoid generated video sequence project deal with the development of a strategy to estimate the geometry of an interesting object from a monocular video sequence acquired by a walking humanoid robot. In order to generate the 3D model of the object, firstly, blurred image must be eliminated. I have collaborated in this preprocessing step in which the final result is a set of images that contains the object without blur. First, the presence of blur is detected by the calculus of gradient magnitude. Second, a gradient histogram is displayed with twenty bins and the latest ten bins are added to classify the images. Finally, an image is considered as clear when the addition of the bins is bigger than 0.5% of the contour pixels.</subfield>
   </datafield>
   <datafield ind2=" " ind1=" " tag="520">
      <subfield code="a">El proyecto "3D Shape Reconstruction from a Humanoid Generated Video Sequence" trata de desarrollar una estrategia para estimar la geometría de un objeto a partir de una secuencia de video grabada por un robot humanoide. Para generar este model 3D del objeto, primero hay que eliminar las imágenes borrosas. Yo he colaborado en esta fase de pre-procesado en el que se seleccionan las imágenes que contienen al objeto nítido. Para ello, se detecta la presencia de borrosidad a través del cálculo de la magnitud del gradiente de la imagen. En segundo lugar, se construye el histograma usando veinte barras y se usa la suma de las últimas diez barras para clasificar las imágenes. Finalmente, se considera que una imagen está nítida cuando esta suma es mayor que el 0.5% de los píxeles de contorno.</subfield>
   </datafield>
   <datafield tag="653" ind2=" " ind1=" ">
      <subfield code="a">Àrees temàtiques de la UPC::Enginyeria de la telecomunicació</subfield>
   </datafield>
   <datafield tag="653" ind2=" " ind1=" ">
      <subfield code="a">Imaging systems</subfield>
   </datafield>
   <datafield tag="653" ind2=" " ind1=" ">
      <subfield code="a">blur image</subfield>
   </datafield>
   <datafield tag="653" ind2=" " ind1=" ">
      <subfield code="a">feature extraction</subfield>
   </datafield>
   <datafield tag="653" ind2=" " ind1=" ">
      <subfield code="a">classifier</subfield>
   </datafield>
   <datafield tag="653" ind2=" " ind1=" ">
      <subfield code="a">gradient</subfield>
   </datafield>
   <datafield tag="653" ind2=" " ind1=" ">
      <subfield code="a">histogram</subfield>
   </datafield>
   <datafield tag="653" ind2=" " ind1=" ">
      <subfield code="a">imagen borrosa</subfield>
   </datafield>
   <datafield tag="653" ind2=" " ind1=" ">
      <subfield code="a">extracción de características</subfield>
   </datafield>
   <datafield tag="653" ind2=" " ind1=" ">
      <subfield code="a">clasificador</subfield>
   </datafield>
   <datafield tag="653" ind2=" " ind1=" ">
      <subfield code="a">gradiente</subfield>
   </datafield>
   <datafield tag="653" ind2=" " ind1=" ">
      <subfield code="a">histograma</subfield>
   </datafield>
   <datafield tag="653" ind2=" " ind1=" ">
      <subfield code="a">Imatge, Tècniques d'</subfield>
   </datafield>
   <datafield ind2="0" ind1="0" tag="245">
      <subfield code="a">Blurred Image Detection from a Humanoid Generated Video Sequence</subfield>
   </datafield>
   <datafield ind2="0" ind1="0" tag="245">
      <subfield code="a">Detección de Imágenes Borrosas a partir de una Secuencia de Video Generada por un Robot Humanoide</subfield>
   </datafield>
</record></metadata></record></GetRecord></OAI-PMH>